| 000 -LEADER |
| fixed length control field |
00551cam a22001457a 4500 |
| 008 - FIXED-LENGTH DATA ELEMENTS--GENERAL INFORMATION |
| fixed length control field |
180718b1971 xxu||||| |||| 00| 0 eng d |
| 082 ## - DEWEY DECIMAL CLASSIFICATION NUMBER |
| Classification number |
F51x595 V443 |
| 100 ## - MAIN ENTRY--PERSONAL NAME |
| Personal name |
Vasil, R.K. |
| 245 ## - TITLE STATEMENT |
| Title |
Politics in a plural society: a study of non-communal political parties in West Malaysia |
| Statement of responsibility, etc. |
by R.K. Vasil |
| 260 ## - PUBLICATION, DISTRIBUTION, ETC. |
| Place of publication, distribution, etc. |
Kuala Lumpur |
| Name of publisher, distributor, etc. |
Oxford University Press |
| Date of publication, distribution, etc. |
1971 |
| 300 ## - PHYSICAL DESCRIPTION |
| Extent |
338p. |
| 500 ## - GENERAL NOTE |
| General note |
Published for the Australian Institute of International Affairs |
| 650 ## - SUBJECT ADDED ENTRY--TOPICAL TERM |
| Topical term or geographic name entry element |
Malaya --Politics and government |
| 650 ## - SUBJECT ADDED ENTRY--TOPICAL TERM |
| Topical term or geographic name entry element |
Political parties --Malaysia --Malaya |